Normal view
MARC view
Entry Personal Name
001 - CONTROL NUMBER
- control field: 46312
003 - CONTROL NUMBER IDENTIFIER
- control field: dpl
005 - DATE AND TIME OF LATEST TRANSACTION
- control field: 20120503132552.0
008 - FIXED-LENGTH DATA ELEMENTS
- fixed length control field: 120503|||a|||||| | ||| d
040 ## - CATALOGING SOURCE
- Original cataloging agency: dpl
- Transcribing agency: dpl
100 ## - HEADING--PERSONAL NAME
- Personal name: गुप्त, महेशचन्द्र
670 ## - SOURCE DATA FOUND
- Source citation: Work cat.: (dpl)66083: गुप्त, महेशचन्द्र, राजभाषाः अधखुले पन्ने /, 1999
670 ## - SOURCE DATA FOUND
- Source citation: Work cat.: (dpl)66083: गुप्त, महेशचन्द्र, राजभाषाः अधखुले पन्ने /, 1999
